| 000 | 00535nam a22001697a 4500 | ||
|---|---|---|---|
| 005 | 20260205100040.0 | ||
| 008 | 260205b |||||||| |||| 00| 0 eng d | ||
| 020 | _a978-0-07163447-2 | ||
| 050 |
_aRA 409 . S 52 2009 _b1 |
||
| 100 | _aSHARMA DEVASHISH | ||
| 245 | _aMEDICAL STATISTICS AND DEMOGRAPHY MADE EASY | ||
| 260 |
_aNEW DELHI, _bJAYPEE BROTHERS, _c2009, |
||
| 300 | _aViii, 353 P, ILL | ||
| 500 | _aINCLUDES INDEX | ||
| 650 | _a1.MEDICAL STATISTICS-METHODOLOGY 2. DEMOGRAPHY-METHODOLOGY 3. STATISTICS | ||
| 942 |
_2lcc _cBK |
||
| 999 |
_c216547 _d216547 |
||